000
00266nam a2200097Ia 4500
005
20251222114410.0
008
251222s1900||||xx |||||||||||||| ||spa||
082
_a
DVD0070/S99/2007
245
0
_a
Rocky Balboa: nada termina hasta que tĂș sientas que termina:
942
_c
DVD
999
_c
1994
_d
1994